[Event "German Masters Women 2018"]
[Site "Dresden"]
[Date "2018.08.12"]
[Round "9.4"]
[White "Sieber, Fiona"]
[Black "Hoolt, Sarah"]
[Result "0-1"]
[WhiteElo "2290"]
[BlackElo "2357"]
[Annotator "NA"]
[PlyCount "90"]
[EventDate "2018.08.04"]
[EventType "tourn"]
[EventCountry "GER"]
[SourceTitle "playchess.com"]
[Source "ChessBase"]
[SourceQuality "1"]
[TimeControl "40/5400+30:1800+30"]

1. e4 {[%emt 1:30:28]} e6 {[%emt 1:30:26]} 2. d4 {[%emt 1:30:54]} d5 {[%emt 1:30:52]} 3. Nc3 {[%emt 1:31:20]} Nf6 {[%emt 1:31:18]} 4. e5 {[%emt 1:31:46]} Nfd7 {[%emt 1:31:44]} 5. f4 {[%emt 1:32:11]} c5 {[%emt 1:32:07]} 6. Nf3 {[%emt 1:32:37]} Nc6 {[%emt 1:32:29]} 7. Be3 {[%emt 1:33:02]} Be7 {[%emt 1:32:53]} 8. Qd2 {[%emt 1:33:25]} O-O {[%emt 1:33:10]} 9. dxc5 {[%emt 1:33:52]} Qa5 {[%emt 1:32:48]} 10. O-O-O {[%emt 1:33:55]} b6 {[%emt 1:31:52]} 11. Bb5 {[%emt 1:32:33]} Nb4 {[%emt 1:28:25]} 12. a3 {[%emt 1:31:53]} bxc5 {[%emt 1:27:34]} 13. Kb1 {[%emt 1:30:01]} Rb8 {[%emt 1:26:33]} 14. axb4 {[%emt 1:29:16]} cxb4 {[%emt 1:26:33]} 15. Nxd5 {[%emt 1:29:30]} exd5 {[%emt 1:26:43]} 16. Bxd7 {[%emt 1:29:55]} Bxd7 {[%emt 1:27:08]} 17. Qxd5 {[%emt 1:30:21]} Qxd5 {[%emt 1:27:31]} 18. Rxd5 {[%emt 1:30:48]} Bc6 {[%emt 1:27:54]} 19. Ra5 {[%emt 1:29:02]} Rfc8 {[%emt 1:28:11]} 20. Nd2 {[%emt 1:17:00]} Bxg2 {[%emt 1:22:50]} 21. Rg1 {[%emt 1:16:16]} Bh3 {[%emt 1:22:50]} 22. Nb3 {[%emt 1:00:15]} Bf5 {[%emt 1:20:45]} 23. Rg2 {[%emt 1:00:09]} Rc4 {[%emt 1:10:21]} 24. Re2 {[%emt 0:39:52]} Rd8 {[%emt 1:04:08]} 25. Rxa7 {[%emt 0:33:55]} Bf8 {[%emt 1:00:13]} 26. Rb7 {[%emt 0:33:07]} g6 {[%emt 0:58:46]} 27. Nc1 {[%emt 0:19:30]} Rxc2 {[%emt 0:56:09]} 28. Rxc2 {[%emt 0:18:55]} Rc8 {[%emt 0:56:33]} 29. Ka2 {[%emt 0:16:27]} Bxc2 {[%emt 0:56:15]} 30. Nb3 {[%emt 0:15:39]} Be4 {[%emt 0:55:43]} 31. Rb5 {[%emt 0:14:27]} Bd3 {[%emt 0:54:47]} 32. Ra5 {[%emt 0:12:34]} Bc4 {[%emt 0:55:00]} 33. Bb6 {[%emt 0:11:50]} Be6 {[%emt 0:52:48]} 34. Ra7 {[%emt 0:07:55]} Bc5 {[%emt 0:45:03]} 35. Bxc5 {[%emt 0:04:50]} Rxc5 {[%emt 0:45:31]} 36. Ra4 {[%emt 0:04:59]} Rb5 {[%emt 0:45:37]} 37. Ra6 {[%emt 0:04:28]} Bc4 {[%emt 0:45:03]} 38. Ra8+ {[%emt 0:03:33]} Kg7 {[%emt 0:45:21]} 39. h3 {[%emt 0:03:16]} Kh6 {[%emt 0:45:38]} 40. Ra7 {[%emt 0:02:55]} Kh5 {[%emt 0:45:18]} 41. Ra8 {[%emt 0:24:25]} Kh4 {[%emt 1:15:06]} 42. Ra6 {[%emt 0:24:32]} h5 {[%emt 1:14:29]} 43. Rd6 {[%emt 0:21:47]} Ra5+ {[%emt 1:11:23]} 44. Kb1 {[%emt 0:22:13]} Bxb3 {[%emt 1:11:43]} 45. Rd4 {[%emt 0:17:08]} Rd5 {[%emt 1:11:47]} 0-1

[Event "German Masters Women 2018"]
[Site "Dresden"]
[Date "2018.08.12"]
[Round "9.5"]
[White "Fuchs, Judith"]
[Black "Schleining, Zoya"]
[Result "1/2-1/2"]
[WhiteElo "2276"]
[BlackElo "2397"]
[Annotator "TA"]
[PlyCount "160"]
[EventDate "2018.08.04"]
[EventType "tourn"]
[EventCountry "GER"]
[SourceTitle "playchess.com"]
[Source "ChessBase"]
[SourceQuality "1"]

{[%evp 19,160,0,10,2,53,66,56,56,58,41,43,13,29,21,55,0,0,0,11,13,43,0,8,4,23,8,30,0,24,14,25,26,29,17,37,27,102,91,189,167,167,167,157,173,162,170,169,172,155,148,210,88,88,88,94,94,94,96,89,89,106,89,119,0,89,89,89,89,89,89,89,49,49,43,72,34,52,22,75,22,22,22,30,26,27,8,8,8,8,8,8,0,0,0,8,8,8,8,8,0,8,8,8,8,8,8,8,8,8,8,8,8,8,8,8,8,8,8,13,8,8,8,8,8,8,8,36,8,8,8,8,8,8,8,8,8,8,8,8,0,8,0,8]} 1. d4 Nf6 2. Bf4 d5 3. e3 e6 4. Nd2 Bd6 5. Bg3 O-O 6. Ngf3 c5 {D02: Damenbauernspiele} 7. c3 b6 (7... Qc7 8. Bd3 Nbd7 9. O-O b6 10. e4 Bxg3 11. hxg3 dxe4 12. Nxe4 Bb7 13. Qe2 Rfd8 14. Rad1 cxd4 15. Nxd4 a6 16. Rfe1 h6 {½-½ (37) So,W (2815)-Carlsen,M (2832) chess.com INT 2017}) 8. Bd3 Bb7 9. Qe2 Nc6 10. Rd1 Re8 {LiveBook: 35 Partien} 11. e4 {[#] e5 ist eine echte Drohung.} e5 (11... Be7 $11) 12. dxc5 $14 Bxc5 13. O-O $146 ({Vorgänger:} 13. exd5 Nxd5 14. Ne4 Nf4 15. Bxf4 exf4 16. O-O Qc7 {0-1 (41) Nikolaou,S (2203)-Stanojoski,Z (2457) Thessaloniki 2018}) 13... d4 $1 14. Nb3 Nh5 15. Bc4 {Und weiter mit Sfxd4 wäre nett.} Nxg3 16. hxg3 Qf6 17. Nh4 Na5 18. Nxa5 bxa5 19. Rd3 {[#] Schwarz muss nun Tf3 beachten.} Rf8 20. Nf5 dxc3 21. Rxc3 Rac8 22. Rf3 Qg5 23. Rd1 {[%cal Bf1d1,Bd1d6,Bd6d7][%mdl 32]} Rc7 24. b3 g6 25. Nd6 Bxd6 26. Rxd6 Kg7 27. Rfd3 $36 {[%mdl 2048] Weiss kämpft um Vorteil.} Rfc8 (27... Bc6 $11) 28. Rd7 $16 h5 (28... Bc6 $16 {ist wohl besser.} 29. R7d6 a4) 29. Qf3 {jetzt Dxf7+ und aus.} Qf6 30. Qxf6+ Kxf6 31. Rf3+ Kg5 32. Rfxf7 Rxd7 33. Rxd7 Bxe4 $18 {[%mdl 4096] Endspiel KTL-KTL} 34. f3 Bb1 (34... Bc6 $16 35. Re7 (35. Rxa7 a4 $16) 35... Kf6 36. Rf7+ (36. Rxa7 a4 $16) 36... Kg5 37. Rxa7 a4) 35. Rd5 (35. Rxa7 $18 {und Weiss behält klar die Oberhand.} Rc5 36. a4) 35... a4 $16 36. Rxe5+ Kh6 37. Ra5 axb3 38. axb3 Rc7 39. Kf2 Rb7 40. Bd5 Rc7 41. Bc4 (41. Ke3 $16) 41... Re7 (41... Rb7 $1 $11) 42. Ra6 Kg7 43. Rd6 Bf5 44. Rc6 Bb1 45. Be2 Rb7 46. Rc3 Bf5 47. Ke3 Be6 48. Bd1 Kf6 (48... a5 $11 {bleibt in der Remisbreite.}) 49. Bc2 ({Lieber} 49. Rc6 $16) 49... Rb6 $11 50. Kd2 g5 51. Ke3 Bf7 52. f4 gxf4+ 53. gxf4 h4 54. Kf3 {Droht Kg4 und aus.} Bd5+ 55. Kf2 Rb4 56. g3 hxg3+ 57. Kxg3 a5 58. Re3 Bc6 59. Rc3 Bd5 60. Kg4 Be6+ 61. Kf3 Bd5+ 62. Ke3 Ke6 63. Rc5 Bxb3 64. Bf5+ Kf6 65. Rxa5 Be6 66. Bd3 Rb6 67. Rh5 Rb4 68. Rh6+ Ke7 69. f5 Bf7 70. Be4 Ra4 71. Rb6 Bc4 72. Rc6 Bb3 73. Rc3 Bc4 {Die Stellung ist ausgeglichen.} 74. Bc6 Rb4 75. Kd4 Bf7+ 76. Ke5 Rc4 $1 {[%cal Rc4c3]} 77. f6+ Kf8 78. Rxc4 Bxc4 79. Bd5 Bb5 80. f7 Be8 {Precision: Weiß = 56%, Schwarz = 46%.} 1/2-1/2